Name all Mario Games - Statistics

General Stats
  • This quiz has been taken 412 times
  • The average score is 99 of 310
Answer Stats
Platform Release Date Answer % Correct
NES 1985 Super Mario Bros.
100%
Game & Watch 1986 Super Mario Bros.
100%
Nelsonic Game Watch 1989 Super Mario Bros.
100%
Arcade 1992 Super Mario Bros.
100%
Arcade 1981 Donkey Kong
90%
Game & Watch 1982 Donkey Kong
90%
Game Boy 1994 Donkey Kong
90%
Nelsonic Game Watch 1994 Donkey Kong
90%
Game & Watch 1983 Mario Bros.
80%
Arcade 1983 Mario Bros.
80%
Nintendo 64 1996 Super Mario 64
78%
NES 1988 Super Mario Bros. 2
78%
NES 1988 Super Mario Bros. 3
77%
Nelsonic Game Watch 1990 Super Mario Bros. 3
77%
Wii U 2014 Mario Kart 8
75%
Nintendo 64 1998 Mario Party
74%
DS 2006 New Super Mario Bros.
73%
SNES 1990 Super Mario World
73%
Nelsonic Game Watch 1991 Super Mario World
73%
Arcade 1993 Super Mario World
73%
Wii 2007 Super Mario Galaxy
72%
SNES 1992 Super Mario Kart
72%
Switch 2017 Super Mario Odyssey
71%
GameCube 2002 Super Mario Sunshine
71%
Nintendo 64 1996 Mario Kart 64
70%
3DS 2011 Mario Kart 7
70%
Wii 2010 Super Mario Galaxy 2
70%
Wii 2008 Mario Kart Wii
69%
Nintendo 64 1999 Mario Party 2
69%
Nintendo 64 2000 Mario Party 3
69%
GameCube 2002 Mario Party 4
69%
GameCube 2003 Mario Party 5
69%
GameCube 2004 Mario Party 6
69%
GameCube 2005 Mario Party 7
69%
Wii 2007 Mario Party 8
69%
Wii 2012 Mario Party 9
69%
Wii U 2013 Super Mario 3D World
69%
Wii U 2015 Mario Party 10
68%
Nintendo 64 2000 Mario Tennis
68%
Game Boy Color 2000 Mario Tennis
68%
Game Boy 1989 Super Mario Land
68%
NES & Game Boy 1991 Yoshi
66%
Switch 2017 Mario Kart 8 Deluxe
65%
Nintendo 64 2000 Paper Mario
65%
3DS 2011 Super Mario 3D Land
65%
Arcade 1982 Donkey Kong Jr.
64%
Game & Watch 1982 Donkey Kong Jr.
64%
GameCube 2003 Mario Kart: Double Dash!!
64%
DS 2005 Mario Kart DS
63%
3DS 2012 New Super Mario Bros. 2
62%
GameCube 2001 Luigi's Mansion
61%
3DS 2018 Luigi's Mansion
61%
Nintendo 64 1999 Mario Golf
61%
Game Boy Color 1999 Mario Golf
61%
Wii U 2012 New Super Mario Bros. U
61%
Wii 2009 New Super Mario Bros. Wii
60%
Switch 2018 Super Mario Party
58%
Switch 2023 Super Mario RPG
57%
Switch 2019 Luigi's Mansion 3
55%
iOS 2016 Super Mario Run
55%
GameCube 2004 Paper Mario: The Thousand-Year Door
54%
NES & Game Boy 1990 Dr. Mario
53%
Gamewatch Boy 1993 Dr. Mario
53%
Game Boy Advance 2001 Mario Kart: Super Circuit
53%
Wii 2007 Super Paper Mario
53%
DS 2009 Mario & Luigi: Bowser's Inside Story
52%
Game Boy Advance 2003 Mario & Luigi: Superstar Saga
51%
SNES 1994 Donkey Kong Country
50%
Game Boy Advance 2003 Donkey Kong Country
50%
iOS & Android 2019 Mario Kart Tour
50%
Switch 2023 Super Mario Bros. Wonder
50%
MS-DOS 1992 Mario is Missing!
49%
DS 2005 Mario & Luigi: Partners in Time
49%
DS 2007 Mario Party DS
49%
Switch 2018 Mario Tennis Aces
49%
3DS 2012 Paper Mario: Sticker Star
49%
Wii U 2015 Super Mario Maker
49%
Wii U 2016 Paper Mario: Color Splash
47%
Switch 2020 Paper Mario: The Origami King
47%
DS 2004 Super Mario 64 DS
47%
Switch 2019 Super Mario Maker 2
47%
Arcade 1983 Donkey Kong 3
46%
Game & Watch 1984 Donkey Kong 3
46%
3DS 2013 Luigi's Mansion: Dark Moon
46%
3DS 2013 Mario & Luigi: Dream Team
46%
3DS 2015 Mario & Luigi: Paper Jam
46%
Switch 2021 Super Mario 3D World + Bowser's Fury
46%
CD-i 1994 Hotel Mario
45%
NES 1986 Super Mario Bros.: The Lost Levels
45%
GameCube 2005 Super Mario Strikers
45%
SNES 1993 Super Mario All-Stars
44%
SNES 1992 Mario Paint
43%
Switch 2021 Mario Party Superstars
43%
Switch 2019 New Super Mario Bros. U Deluxe
43%
Game Boy 1992 Super Mario Land 2: 6 Golden Coins
43%
Game Boy Advance 2004 Donkey Kong Country 2
42%
Game Boy Advance 2004 Mario vs. Donkey Kong
42%
Switch 2020 Super Mario 3D All-Stars
42%
Game Boy Advance 2005 Donkey Kong Country 3
41%
Wii 2007 Mario & Sonic at the Olympic Games
41%
DS 2008 Mario & Sonic at the Olympic Games
41%
Game Boy Advance 2001 Super Mario Advance
41%
SNES 1995 Super Mario World 2: Yoshi's Island
41%
Wii U 2015 Yoshi's Woolly World
41%
Wii 2010 Donkey Kong Country Returns
40%
Wii U 2014 Donkey Kong Country: Tropical Freeze
40%
Switch 2018 Donkey Kong Country: Tropical Freeze
40%
Nintendo 64 1999 Donkey Kong 64
39%
Game Boy Advance 2005 Mario Party Advance
39%
3DS 2013 Mario Party: Island Tour
39%
MS-DOS 1992 Mario Teaches Typing
39%
NES 1985 Wrecking Crew
38%
Wii 2008 Mario Super Sluggers
37%
Switch 2019 Yoshi's Crafted World
37%
GameCube 2003 Mario Golf: Toadstool Tour
36%
DS 2005 Super Princess Peach
36%
Game Boy Color 2000 Wario Land 3
36%
3DS 2017 Mario Party: The Top 100
35%
MS-DOS 1993 Mario's Time Machine
35%
Wii 2007 Mario Strikers Charged
35%
Wii U 2015 Mario Tennis: Ultra Smash
35%
Wii U 2013 New Super Luigi U
35%
Wii U 2014 Captain Toad: Treasure Tracker
34%
3DS & Switch 2018 Captain Toad: Treasure Tracker
34%
NES & Game Boy 1992 Yoshi's Cookie
33%
DS 2006 Yoshi's Island DS
33%
Game Boy Advance 2001 Wario Land 4
32%
3DS 2014 Yoshi's New Island
32%
NES 1984 Golf
31%
Switch 2021 Mario Golf: Super Rush
31%
Wii 2010 Mario Sports Mix
31%
GameCube 2003 Wario World
31%
Nintendo 64 1997 Yoshi's Story
31%
Switch 2022 Mario Strikers: Battle League
30%
Arcade 2005 Mario Kart Arcade GP
29%
GameCube 2004 Mario Power Tennis
29%
Switch 2017 Mario + Rabbids Kingdom Battle
29%
DS 2006 Mario Hoops 3-on-3
28%
GameCube 2003 Donkey Konga
27%
NES 1983 Donkey Kong Jr. Math
27%
3DS 2016 Mario Party: Star Rush
27%
Switch 2020 Super Mario Bros. 35
27%
Game Boy Color 1999 Super Mario Bros. Deluxe
27%
Game Boy 1994 Wario Land: Super Mario Land 3
27%
3DS 2018 WarioWare Gold
27%
Virtual Boy 1995 Mario Clash
26%
3DS 2017 Mario & Luigi: Superstar Saga + Bowser's Minions
26%
Wii 2009 Mario & Sonic at the Olympic Winter Games
26%
DS 2009 Mario & Sonic at the Olympic Winter Games
26%
Wii U 2013 Dr. Luigi
25%
Nintendo 64 2001 Dr. Mario 64
25%
Switch 2022 Mario + Rabbids Sparks of Hope
25%
GameCube 2005 Mario Superstar Baseball
25%
NES & SNES 1994 Wario's Woods
25%
Nintendo 64 1997 Diddy Kong Racing
24%
GameCube 2004 Donkey Kong Jungle Beat
24%
Game Boy 1995 Donkey Kong Land
24%
Game Boy 1996 Donkey Kong Land 2
24%
Arcade 2007 Mario Kart Arcade GP 2
24%
3DS 2018 Mario & Luigi: Bowser's Inside Story + Bowser Jr.'s Journey
24%
Game Boy 1995 Mario's Picross
24%
3DS 2012 Mario Tennis Open
24%
Wii 2008 Wario Land: Shake It!
24%
Wii 2006 WarioWare: Smooth Moves
24%
DS 2004 WarioWare: Touched!
24%
3DS 2014 Mario Golf: World Tour
23%
3DS 2016 Mario & Sonic at the Rio 2016 Olympic Games
23%
Wii U 2016 Mario & Sonic at the Rio 2016 Olympic Games
23%
Switch 2023 WarioWare: Move It!
23%
GameCube 2004 Donkey Konga 2
22%
iOS & Android 2019 Dr. Mario World
22%
Wii 2011 Mario & Sonic at the London 2012 Olympic Games
22%
3DS 2012 Mario & Sonic at the London 2012 Olympic Games
22%
Virtual Boy 1995 Mario's Tennis
22%
Windows 1996 Mario Teaches Typing 2
22%
SNES 1993 Mario & Wario
22%
Switch 2021 WarioWare: Get It Together!
22%
Game Boy Advance 2003 WarioWare, Inc.: Mega Microgame$!
22%
SNES 1993 Yoshi's Safari
22%
Game Boy Advance 2003 Super Mario Advance 4: Super Mario Bros. 3
21%
GameCube 2005 Dance Dance Revolution: Mario Mix
20%
Wii 2007 Donkey Kong Barrel Blast
20%
Wii U 2013 Game & Wario
20%
Arcade 2013 Mario Kart Arcade GP DX
20%
Switch 2020 Mario Kart Live: Home Circuit
20%
Game & Watch 1983 Mario's Cement Factory
20%
Switch 2019 Mario & Sonic at the Olympic Games Tokyo 2020
20%
NES 1984 Pinball
20%
Game Boy Advance 2004 WarioWare: Twisted!
20%
DS 2005 Yoshi Touch & Go
20%
Game Boy Advance 2004 Mario Pinball Land
19%
3DS 2017 Mario Sports Superstars
19%
3DS & Wii U 2015 Mario vs. Donkey Kong: Tipping Stars
19%
Game Boy Advance 2001 Super Mario World: Super Mario Advance 2
19%
DS 2009 WarioWare: D.I.Y.
19%
Wii 2011 Fortune Street
18%
Game Boy 1997 Game & Watch Gallery
18%
Game Boy 1997 Game & Watch Gallery 2
18%
Game Boy Advance 2004 Mario Golf: Advance Tour
18%
DS 2006 Mario vs. Donkey Kong 2: March of the Minis
18%
DSi 2009 Mario vs. Donkey Kong: Minis March Again!
18%
Game Boy Advance 2002 Yoshi's Island: Super Mario Advance 3
18%
Game & Watch 1983 Mario's Bombs Away
17%
MS-DOS 1995 Mario's Game Gallery
17%
Wii U 2013 Mario & Sonic at the Sochi 2014 Olympic Winter Games
17%
Game Boy Advance 2005 Mario Tennis: Power Tour
17%
DS 2010 Mario vs. Donkey Kong: Mini-Land Mayhem!
17%
Virtual Boy 1995 Virtual Boy Wario Land
17%
Game Boy 1998 Wario Land II
17%
Game Boy Advance 2005 DK: King of Swing
16%
3DS 2013 Donkey Kong Country Returns 3D
16%
Game & Watch 1983 Donkey Kong II
16%
Game Boy Color 1999 Game & Watch Gallery 3
16%
Game Boy Advance 2002 Game & Watch Gallery 4
16%
MS-DOS 1993 Mario's Early Years! Fun with Letters
16%
MS-DOS & SNES 1994 Mario's Early Years! Fun with Numbers
16%
NES 1991 NES Open Tournament Golf
16%
SNES 1996 Super Mario RPG: Legend of the Seven Stars
16%
DS 2007 Wario: Master of Disguise
16%
MS-DOS & SNES 1994 Mario's Early Years! Preschool Fun
15%
SNES 1995 Mario's Super Picross
15%
Game & Watch 1991 Mario the Juggler
15%
NEC PC-8801 1986 Super Mario Bros. Special
15%
Game Boy Advance 2004 Yoshi Topsy-Turvy
15%
Game Boy 1989 Baseball
14%
Game & Watch 1984 Donkey Kong Hockey
14%
3DS 2015 Dr. Mario: Miracle Cure
14%
Wii 2008 Dr. Mario Online Rx
14%
3DS 2017 Poochy & Yoshi's Woolly World
14%
SNES 1994 Super Mario All-Stars + Super Mario World
14%
DSi 2008 WarioWare: Snapped!
14%
Game Boy 1989 Alleyway
13%
Game & Watch 1984 Donkey Kong Circus
13%
Game Boy 1997 Donkey Kong Land III
13%
DSi 2008 Dr. Mario Express
13%
3DS 2013 Mario and Donkey Kong: Minis on the Move
13%
3DS & Wii U 2016 Mini Mario & Friends: amiibo Challenge
13%
3DS 2016 Super Mario Maker for Nintendo 3DS
13%
SNES 1994 Tetris & Dr. Mario
13%
SNES 1998 Wrecking Crew '98
13%
DS 2007 Diddy Kong Racing DS
12%
DS 2007 DK: Jungle Climber
12%
NES 1986 I am a teacher: Super Mario Sweater
12%
Game Boy Advance 2003 Mario Party-e
12%
SNES & Game Boy 1996 Tetris Attack
12%
Arcade 1986 VS. Super Mario Bros.
12%
GameCube 2003 WarioWare, Inc.: Mega Party Game$!
12%
NES 1986 All Night Nippon: Super Mario Bros.
10%
NES 1988 Donkey Kong Classics
10%
Game Boy Advance 2005 Dr. Mario & Puzzle League
10%
Arcade 2017 Mario Kart Arcade GP VR
10%
Wii 2009 WarioWare: D.I.Y. Showcase
10%
Nintendo 64 1999 Mario Artist: Paint Studio
9%
Game Boy 1996 Picross 2
9%
NEC PC-8801 1984 Punch Ball Mario Bros.
9%
SNES 1995 Donkey Kong Country 2: Diddy's Kong Quest
8%
Game & Watch 2020 Game & Watch: Super Mario Bros.
8%
Nintendo 64 2000 Mario Artist: Polygon Studio
8%
Nintendo 64 2000 Mario Artist: Talent Studio
8%
NEC PC-8801 1984 Mario Bros. Special
8%
DSi 2009 Mario Clock
8%
3DS 2015 Puzzle & Dragons: Super Mario Bros. Edition
8%
DSi 2009 Mario Calculator
7%
SNES 1996 Donkey Kong Country 3: Dixie Kong's Double Trouble!
6%
Nintendo 64 1998 Mario no Photopi
6%
GameCube 2003 Nintendo Puzzle Collection
6%
MS-DOS 1992 Super Mario Bros. & Friends: When I Grow Up
6%
DS 2005 Yakuman DS
6%
SNES 1997 Excitebike: Bun Bun Mario Battle
5%
NES 1987 Famicom Grand Prix: F1 Race
5%
DS 2007 Itadaki Street DS
5%
Arcade 2020 Mario & Sonic at the Olympic Games Tokyo 2020 - Arcade Edition
5%
Arcade 2016 Mario & Sonic at the Rio 2016 Olympic Games Arcade Edition
5%
Arcade 1984 VS. Wrecking Crew
5%
Game Boy 1994 Wario Blast: Featuring Bomberman!
5%
DSi 2008 Bird & Beans
4%
SNES 1996 BS Super Mario USA
4%
Arcade 2006 Donkey Kong: Banana Kingdom
4%
Arcade 2005 Donkey Kong: Jungle Fever
4%
NES 1988 Famicom Grand Prix II: 3D Hot Rally
4%
NES 1987 Golf: Japan Course
4%
NES 1987 Golf: U.S. Course
4%
Nintendo 64 2000 Mario Artist: Communication Kit
4%
Arcade 1991 Mario Roulette
4%
Gamewatch Boy 1992 Super Mario Race
4%
SNES 1997-1998 BS Super Mario Collection
3%
Game Boy Color 2001 Mario Family
3%
GameCube 2005 Donkey Konga 3 JP
2%
NES 1988 Kaettekita Mario Bros.
2%
Super Mario Bros. Watch 1990 Luigi's Hammer Toss
2%
Super Mario Bros. Watch 1990 Mario's Egg Catch
2%
Wii 2008 New Play Control! Donkey Kong Jungle Beat
2%
Arcade 2011 New Super Mario Bros. Wii Coin World
2%
DSi 2008 Paper Airplane Chase
2%
NEC PC-8801 & Sharp X1 1984 Donkey Kong 3: Dai Gyakushū
1%
NES 1983 Donkey Kong Jr. + Jr. Sansū Lesson
1%
Arcade 2016 Mario Party Challenge World
1%
Arcade 2009 Mario Party Fushigi no Korokoro Catcher
1%
Arcade 1993 Mario Undōkai
1%
Super Mario Bros. Watch 1990 Princess Toadstool's Castle Run
1%
Wii 2010 Super Mario All-Stars Limited Edition
1%
Arcade 1996 Super Mario Attack
1%
MS-DOS 1991 Super Mario Bros. Print World
1%
Arcade 2004 Super Mario Fushigi no Korokoro Party
1%
SNES 1994 Yoshi no Cookie: Kuruppon Oven de Cookie
1%
Arcade 2013 Mario Party Fushigi no Korokoro Catcher 2
0%
SNES 1995 Satella-Q
0%
Arcade 2003 Super Mario Fushigi no Janjan Land
0%
Arcade 2005 Super Mario Fushigi no Korokoro Party 2
0%
SNES 1995 UNDAKE30 Same Game Daisakusen Mario Version
0%
No matching quizzes found
Score Distribution
Percent of People with Each Score
Percentile by Number Answered
Your Score History
You have not taken this quiz